000 00362cam a22001217a 4500
008 180718b1981 xxu||||| |||| 00| 0 eng d
082 _aT42x54 B536
245 _aBanks since nationalism
260 _aDelhi
_bAllied
_c1981
300 _a120p.
650 _aBanks - India
700 _aby Birla Institute of Scientific Research, Economic Research Division, New Delhi
999 _c342060
_d342060